000
00250nam a2200097Ia 4500
082
_a
J|597.3|TRU
245
0
_a
Sharks
100
_a
TRUEIT, Trudi Strain New York, 2009
_9
71042
942
_c
BK
008
210817s9999 xx 000 0 und d
999
_c
230961
_d
230959